000 01245cam a2200301 a 4500
001 3979347
003 ARRUPE
005 20141025020007.0
008 950605s1996 nju b 000 0 eng
010 _a 95023990
020 _a0691036888 (cloth : alk. paper)
020 _a0691036896 (pbk. : alk. paper)
040 _aDLC
_cDLC
_dDLC
050 0 0 _aJA81
_b.P928 1996
245 0 0 _aPrinceton readings in political thought :
_bessential texts since Plato /
_cMitchell Cohen and Nicole Fermon, editors.
260 _aPrinceton, N.J. :
_bPrinceton University Press,
_cc1996.
300 _axiii, 740 p. ;
_c24 cm.
504 _aIncludes bibliographical references.
650 0 _aPolitical science
_xHistory.
_92280
650 0 _aPolitical science.
_92281
700 1 _aCohen, Mitchell,
_d1952-
_92282
700 1 _aFermon, Nicole,
_d1950-
_92283
856 4 1 _3Table of contents
_uhttp://www.loc.gov/catdir/toc/prin031/95023990.html
856 4 2 _3Publisher description
_uhttp://www.loc.gov/catdir/description/prin021/95023990.html
906 _a7
_bcbc
_corignew
_d1
_eocip
_f19
_gy-gencatlg
942 _2lcc
_cMONOGRAPH
_01
999 _c118289
_d118289